| 000 | 00584nam a22001817a 4500 | ||
|---|---|---|---|
| 999 |
_c17964 _d17964 |
||
| 008 | 191008b xxu||||| |||| 00| 0 eng d | ||
| 020 | _a047198650-X | ||
| 040 |
_aKABU _cKABU |
||
| 050 |
_aTX911.3 _b.M27G84 1999 c. 1 |
||
| 100 | _aGuerrier, Yvonne | ||
| 245 |
_aOrganizational behaviour in hotels and restaurants _ban international perspective _cYvonne Guerrier |
||
| 260 |
_aNew York _bJohn Wiley & Sons _c1999 |
||
| 300 | _aix, 284 p. | ||
| 650 | _aHotel management | ||
| 650 | _aRestaurant management | ||
| 650 | _aOrganizational behaviour | ||
| 942 |
_2lcc _cBK _hTX911.3 |
||